Minería en Colombia (Registro nro. 20810)
[ vista simple ]
| 000 -CABECERA | |
|---|---|
| Campo de control | 01893nam a22004217a 4500 |
| 005 - FECHA Y HORA DE LA ULTIMA TRANSACCION | |
| Campo de control | 20200203164053.0 |
| 008 - ELEMENTOS DE LONGITUD FIJA—INFORMACION GENERAL | |
| Campo de control | 200203b xxu||||| |||| 00| 0 spa d |
| 020 ## - ISBN | |
| ISBN | 9789589351970 |
| 040 ## - FUENTE DE CATALOGACIÓN | |
| Agencia catalogadora original | CO-BoIAVH |
| Agencia transcriptora | CO-BoIAVH |
| 041 ## - IDIOMA | |
| Código de idioma para texto/pista de sonido o título separado | Español |
| 044 ## - PAÍS DE PUBLICACIÓN | |
| País de publicación | Colombia |
| 082 ## - NUMERO DE CLASIFICACION DECIMAL DEWEY | |
| Número de clasificación | 622.09861 |
| Número del ítem | V61m |
| 100 ## - ASIENTO PRINCIPAL--NOMBRE PERSONAL | |
| 9 (RLIN) | 72281 |
| Nombre personal | Viana Saldarriaga, Jaime |
| Término relacionado | Editor |
| 245 ## - MENCION DE TITULO | |
| Título | Minería en Colombia |
| Parte restante del título | Control público, memoria y justicia socio-ecológica, movimientos sociales y posconflicto |
| Mención de responsabilidad | Jaime Viana Saldarriaga, editor; Luis Álvaro Pardo Becerra y otros investigadores |
| 260 ## - PUBLICACION, DISTRIBUCION, ETC. (PIE DE IMPRENTA) | |
| Lugar de publicación, distribución, etc. | Bogotá: |
| Nombre del editor, distribuidor, etc. | Contraloría General de la República, |
| Fecha de publicación, distribución, etc. | 2014. |
| 300 ## - DESCRIPCION FISICA | |
| Extensión | 492 páginas, |
| Otros detalles físicos | Mapas, gráficas y tablas, |
| Dimensiones | 25 x 18.9 cm |
| 490 ## - MENCION DE SERIE | |
| Designación numérica/secuencial del volumen | Volumen 4 |
| 504 ## - NOTA DE BIBLIOGRAFIA, ETC. | |
| Nota de bibliografía | Bibliografía (Páginas 489 - 492) |
| 650 #0 - ASIENTO SECUNDARIO DE MATERIA - TERMINO TEMATICO | |
| 9 (RLIN) | 41547 |
| Término temático o nombre geográfico como elemento de entrada | Industria minera |
| Subdivisión general | Aspectos ambientales |
| Subdivisión geográfica | Colombia. |
| 650 #0 - ASIENTO SECUNDARIO DE MATERIA - TERMINO TEMATICO | |
| 9 (RLIN) | 12125 |
| Término temático o nombre geográfico como elemento de entrada | Ecología política |
| 650 #0 - ASIENTO SECUNDARIO DE MATERIA - TERMINO TEMATICO | |
| 9 (RLIN) | 58023 |
| Término temático o nombre geográfico como elemento de entrada | Conflictos ambientales |
| Subdivisión general | Minería |
| 650 #0 - ASIENTO SECUNDARIO DE MATERIA - TERMINO TEMATICO | |
| 9 (RLIN) | 30737 |
| Término temático o nombre geográfico como elemento de entrada | Licencias ambientales |
| 650 #0 - ASIENTO SECUNDARIO DE MATERIA - TERMINO TEMATICO | |
| 9 (RLIN) | 772 |
| Término temático o nombre geográfico como elemento de entrada | Desarrollo sostenible |
| 700 ## - ASIENTO SECUNDARIO - NOMBRE PERSONAL | |
| 9 (RLIN) | 26865 |
| Nombre personal | Pardo-Becerra, Luis Alvaro |
| Término de relación | ed. |
| 700 ## - ASIENTO SECUNDARIO - NOMBRE PERSONAL | |
| 9 (RLIN) | 18962 |
| Nombre personal | Rudas Lleras, Guillermo |
| Término de relación | Investigador |
| 700 ## - ASIENTO SECUNDARIO - NOMBRE PERSONAL | |
| 9 (RLIN) | 102522 |
| Nombre personal | Roa Acosta, Edgar Enrique |
| Término de relación | Investigador |
| 700 ## - ASIENTO SECUNDARIO - NOMBRE PERSONAL | |
| 9 (RLIN) | 102518 |
| Nombre personal | Arbeláez Lamus, Leonardo |
| Término de relación | Investigador |
| 700 ## - ASIENTO SECUNDARIO - NOMBRE PERSONAL | |
| 9 (RLIN) | 102521 |
| Nombre personal | Torres Gutiérrez, Jorge Iván |
| Término de relación | Investigador |
| 700 ## - ASIENTO SECUNDARIO - NOMBRE PERSONAL | |
| 9 (RLIN) | 102523 |
| Nombre personal | Cruz Feliciano, Jorge Enrique |
| Término de relación | Investigador |
| 700 ## - ASIENTO SECUNDARIO - NOMBRE PERSONAL | |
| 9 (RLIN) | 102519 |
| Nombre personal | Silva Bermúdez, Ana María |
| Término de relación | Investigadora |
| 700 ## - ASIENTO SECUNDARIO - NOMBRE PERSONAL | |
| 9 (RLIN) | 95584 |
| Nombre personal | Mena Rodríguez, Jesus Antonio |
| Término de relación | Investigador |
| 700 ## - ASIENTO SECUNDARIO - NOMBRE PERSONAL | |
| 9 (RLIN) | 102526 |
| Nombre personal | Pérez Rincón, Mario Alejandro |
| Término de relación | Investigador |
| 700 ## - ASIENTO SECUNDARIO - NOMBRE PERSONAL | |
| 9 (RLIN) | 102525 |
| Nombre personal | Salgado Araméndez, Carlos |
| Término de relación | Investigador |
| 700 ## - ASIENTO SECUNDARIO - NOMBRE PERSONAL | |
| 9 (RLIN) | 102524 |
| Nombre personal | Ñañez Ortíz, Jimena |
| Término de relación | Investigadora |
| 700 ## - ASIENTO SECUNDARIO - NOMBRE PERSONAL | |
| 9 (RLIN) | 102527 |
| Nombre personal | Vargas Valencia, Fernando |
| Término de relación | Investigador |
| 700 ## - ASIENTO SECUNDARIO - NOMBRE PERSONAL | |
| 9 (RLIN) | 102528 |
| Nombre personal | Fierro Morales, Julio |
| Término de relación | Investigador |
| 942 ## - ELEMENTOS ADICIONALES (KOHA) | |
| Sistema de clasificación | Dewey Decimal Classification |
| Tipo de ítem | Libro |
| Withdrawn status | Lost status | Sistema de Clasificación | Damaged status | No para préstamo | Colección | Ubicación Permanente | Ubicación actual | Fecha de adquisición | Total Checkouts | Número topográfico | Inventario / Código de Barras | Date last seen | Ejemplar | Price effective from | Forma de adquisición | Tipo de material |
|---|---|---|---|---|---|---|---|---|---|---|---|---|---|---|---|---|
| Dewey Decimal Classification | General | Bogotá | Bogotá | 03/02/2020 | LB-622.09861 V61m | 044069 | 03/02/2020 | Ej. 1 | 03/02/2020 | Donación | Libro |